| 000 | 00632nam a2200181 a 4500 | ||
|---|---|---|---|
| 008 | 130422s2008 ||||||||||||||||| || u | ||
| 020 | _a9780495382737 | ||
| 050 | _aQA 303 Ste | ||
| 100 | _aStewart, James | ||
| 245 | 1 | 0 |
_aCalculus. (6th ed.) _cJames Stewart |
| 250 | _a6th ed. | ||
| 260 |
_aBelmont, C. A. _bBrooks/Cole _c2008 |
||
| 300 | _axxviii, 1174p.: ill. | ||
| 650 | 0 | _aCALCULUS | |
| 650 | _aGEOMETRY, ANALYTIC | ||
| 650 | 0 | _aMATHEMATICS--HANDBOOKS, MANUALS, ETC | |
| 995 |
_FCBU-MAIN LIBRARY (Kitwe) _M1 _UAVAILABLE _WApr 22, 2013 _ZMain Library Open Access Collection |
||
| 999 |
_c36590 _d36590 |
||